Score 0/20 Timer 04:00
5 Plays Today
Question Answer Wrong Answers
Peter Pan Pan
97.4%
Rolling Pin
0.9%
Ladle
0.7%
Harry Potter Potter
94.7%
Baker
0.9%
Smith
4.1%
Christopher Robin Robin
92.9%
Martian Manhunter
2.1%
Superman
3.1%
Pippi Longstocking Stocking
90.6%
Ornament
3.4%
Wreath
4.4%
Curious George George (Clooney)
89.8%
Leonardo (Dicaprio)
4.2%
John (Travolta)
5.4%
Winnie-the-Pooh Poo
89.4%
Smiley
3.3%
Heart
2.8%
The Little Prince Prince
83.9%
Madonna
5%
Bruce Springsteen
9.1%
Alice Alice Cooper
83.5%
King Diamond
4%
Marilyn Manson
8%
Peter Rabbit Peter (Jackson)
83.2%
Quentin (Tarantino)
5.9%
Steven (Spielberg)
8.4%
Moby Dick Moby
82.2%
Daft Punk
6.3%
Deadmau5
7.2%
Charlotte Charlotte, NC
82.1%
Las Vegas, NV
8.9%
Seattle, WA
6.2%
Huckleberry Finn Fin
81.9%
Claw
6.2%
Tail
8.6%
Jon Snow Snow
77.2%
Rain
9.4%
Lightning
10.7%
James (and the Giant Peach) Lebron James
76.1%
Tiger Woods
6.2%
Lionel Messi
15.1%
Treebeard Beard
74%
Mustache
6.2%
Dreads
14.9%
Charlie Bucket Bucket
72.4%
Shovel
8.6%
Sand
14.4%
Coraline Coral
71.7%
Tree
13.8%
Mushroom
11.2%
Sam I Am Sam
70.4%
Frodo
11.6%
Merry
16.4%
Count Olaf Olaf
61.3%
Sven
27.9%
Elsa
6.6%
Tom Riddle (Voldemort) The Riddler
44.9%
Mr. Freeze
37.3%
The Joker
13.8%
Remove Ads.
Support Sporcle.
Get the best of Sporcle when you Go Orange. This ad-free experience offers more features, more stats, and more fun while also helping to support Sporcle. Thank you for becoming a member.

You're not logged in!

Compare scores with friends on all Sporcle quizzes.
OR
Log In

Show Comments

Extras

Top Quizzes Today


Score Distribution

Your Account Isn't Verified!

In order to create a playlist on Sporcle, you need to verify the email address you used during registration. Go to your Sporcle Settings to finish the process.

Report this User

Report this user for behavior that violates our Community Guidelines.

Details: